000 00228nam a22000857a 4500
008 161110b xxu||||| |||| 00| 0 eng d
100 _91117
_aRao. I
245 _aLearning Science Part 4
260 _aNew Delhi
_bNational Book Trust
_c2006
999 _c3778
_d3778